| 000 | 00000nas 2200000za 4500 |
| 001 | 9.502575 |
| 003 | CaOODSP |
| 005 | 20200325102241 |
| 007 | cr ||||||||||| |
| 008 | 150406d20012002xxc|| m o||||f| |0fre|d |
| 040 | |aCaOODSP|bfre |
| 043 | |an-cn--- |
| 086 | 1 |aBT31-2/2002-IIIF-PDF |
| 110 | 1 |aCanada. |bConseil du trésor. |
| 245 | 10|aBudget des dépenses 2001-2002. Partie III, Rapport sur les plans et les priorités |h[ressource électronique] |
| 260 | |aOttawa - Ontario : |bSecrétariat du Conseil du Trésor du Canada |cc2001. |
| 691 | 07|aPrévisions budgétaires|2gcpds |
| 775 | 08|t2001-2002 estimates. Part III, Report on plans and priorities |w(CaOODSP)9.506174 |
| 776 | 0#|t2001-2002 estimates, part III: report on plans and priorities |w(CaOODSP)9.508966 |
| 776 | 0#|tBudget des dépenses 2001-2002, partie III: rapport sur les plans et les priorités |w(CaOODSP)9.508967 |